000
00293nam a22001337a 4500
008
180912b xxu||||| |||| 00| 0 eng d
020
_a
013527169
041
_a
eng
080
_a
658
100
_a
54
101
_a
LID
245
_a
Leadership in Organizations
_c
Yukl,. G.A
942
_2
udc
_c
BK
999
_c
47710
_d
47710